000 01304nam a2200301 4500
005 20160628154343.0
008 160628s2006 ck ado||r|||| 00| 0 spa d
020 _a9789584413611
040 _aCO-BoIAVH
_cCO-BoIAVH
041 0 _aspa
044 _ack
082 0 4 _a632.96
_bA18p
100 1 _aAcosta A., Alfonso E.
245 1 3 _aLa protección fitosanitaria en plantaciones forestales y sistemas agroforestales en el departamento de Santander /
_cAlfonso E. Acosta A. [y otros 6]
260 _aBucaramanga :
_bICA :
_bCDMB :
_c2006.
300 _a47 páginas :
_bilustraciones a color, tablas y fotografías a color ;
_c24 x 17 cm.
504 _aIncluye referencias bibliográficas.
650 2 6 _aPlantaciones forestales
_xVigilancia de enfermedades
_zSantander (Departamento, Colombia)
650 2 6 _aVigilancia de enfermedades
_xsistemas agroforestales
_zSantander (Departamento, Colombia)
650 2 6 _aÁrboles forestales
_xProblemas fitosanitarios
_zSantander (Departamento, Colombia)
700 1 _aDíaz F., Alfonso
700 1 _aHernandez C., Carolina
700 1 _aEscobar M., Milagro León
700 1 _aMujica J., Jaime
700 1 _aPinto, Jorge Libardo
700 1 _aVargas R., Raúl
942 _cLIBRO
_2ddc
999 _c5921
_d5921